000 01507nam a2200469 i 4500
001 44946
003 KOSZ 005
005 20200731121923.0
008 041004s2004 pl a |000 0 pol
015 _aUWD 2004/19062
020 _a8372445370
035 _a991024950109705066
035 _a(PL-WaBN)b1680935x-48omnis_nlop
035 _ab1680935x
035 _a(OCoLC)749569875
035 _a(PL)b0000001680935
035 _a(EXLNZ-48OMNIS_NETWORK)9910161425805606
040 _aWA N
_cWA N
_dKOSZ 005/HR
041 0 _apol
046 _k2004
080 _a613.2
080 _a159.9
080 _a392.8
100 1 _aJeżewska-Zychowicz, Marzena
_eAutor
245 1 0 _aZachowania żywieniowe i ich uwarunkowania /
_cMarzena Jeżewska-Zychowicz.
260 _aWarszawa :
_bWydaw. SGGW [Szkoły Głównej Gospodarstwa Wiejskiego],
_c2004.
300 _a161 s. :
_brys., tab., wykr. ;
_c24 cm.
336 _aTekst
_btxt
_2rdacontent
337 _aBez urządzenia pośredniczącego
_bn
_2rdamedia
338 _aWolumin
_bnc
_2rdacarrier
380 _aKsiążki
388 _a2001-
504 _aBibliogr. s. 154-161.
650 7 _aKultura stołu
_2DBN
650 7 _aZwyczaje żywieniowe
650 7 _aOdżywianie
650 7 _aPsychologia
710 2 _aWydawnictwo SGGW
_4pbl
856 _uhttp://koha.tu.koszalin.pl/cgi-bin/koha/opac-detail.pl?biblionumber=44946
_yKatalog online BPK
942 _2UKD
_cKS
999 _c44946
_d44946